Honduras's smallholder coffee farmers, the coffee crisis, and neoliberal policy: disjunctures in knowledge and conundrums for development /

Salvato in:
Dettagli Bibliografici
Autore principale: Tucker, Catherine
Natura: testo
Tags: Aggiungi Tag
Nessun Tag, puoi essere il primo ad aggiungerne!!

MARC

LEADER 00000 a a2200000 04500
001 46376
003
040
100 |a Tucker, Catherine  
245 |a Honduras's smallholder coffee farmers, the coffee crisis, and neoliberal policy:   |b disjunctures in knowledge and conundrums for development /  |c Catherine Tucker 
773 |g páginas 163-180 : tablas, mapa, foto  
999 |c 35399  |d 35399